Postavene hlavného kontrolóra v mdzovej účtárni (5. časť)

Pokračovanie z predchádzajúceho čísla. Možnosti hlavného kontrolóra pracovať nadčasy. Praktické príklady.

Enregistré dans:
Détails bibliographiques
Auteur principal: Matlovičová, Iveta
Format: Chapitre de livre
Langue:slovaque
Sujets:
Tags: Ajouter un tag
Pas de tags, Soyez le premier à ajouter un tag!

MARC

LEADER 00000naa a2200000 4500
001 0267268
005 20200724091325.1
041 0 |a slo 
044 |a SK 
245 1 0 |a Postavene hlavného kontrolóra v mdzovej účtárni (5. časť)  |c Iveta Matlovičová 
520 |a Pokračovanie z predchádzajúceho čísla. Možnosti hlavného kontrolóra pracovať nadčasy. Praktické príklady. 
610 2 0 |a kontrolóri 
610 2 0 |a práca nadčasová 
610 2 0 |a učtárne 
610 2 0 |a mzdy 
610 2 0 |a obce 
100 1 |a Matlovičová, Iveta